Name a Valid Answer - North Carolina - Statistics

General Stats
  • This quiz has been taken 53 times
  • The average score is 9 of 14
Answer Stats
Condition Answer % Correct
The five biggest cities in the state (city proper) Charlotte | Raleigh | Greensboro | Durham | Winston-Salem
100%
States that borders North Carolina South Carolina | Georgia | Tennessee | Virginia
100%
The three cities that make up the Research Triangle Cary | Raleigh | Durham
94%
ACC teams in North Carolina Duke | NC State | Wake Forest | UNC
85%
The Wright Brothers Orville | Wilbur
71%
North Carolina Governors since 2009 Beverly Perdue | Pat McCrory | Roy Cooper
60%
The five most populous counties in North Carolina Wake County | Mecklenburg County | Guilford County | Forsyth County | Cumberland County
58%
Cities in the North Carolina Triad Greensboro | Winston-Salem | High Point
56%
The Three regions of North Carolina Coastal Plains | Piedmont | Mountains
54%
The winner of the last four general elections in North Carolina Donald Trump | Mitt Romney | Barack Obama
54%
U.S. Presidents from North Carolina Andrew Jackson | James K. Polk | Andrew Johnson
44%
The two U.S. senators from North Carolina Thom Tillis | Richard Burr
40%
The five least populous counties in North Carolina Tyrrell County | Hyde Country | Graham County | Jones County | Camden County
21%
The Greensboro Four David Richmond | Franklin McCain | Ezell Blair Jr. | Joseph McNeil
13%
No matching quizzes found
Score Distribution
Percent of People with Each Score
Percentile by Number Answered
Your Score History
You have not taken this quiz